000 00623nam a2200217 i 4500
001 14299
003 ES-MaACL
005 20230906150752.0
007 t|
008 981207s1986 xxu ||||1| eng d
020 _a0-262-07100-2
080 _a7.017.4
080 _a7.011
100 1 _aGerstner, Karl.
_956504
245 1 4 _aThe forms of color
_b: the interaction of visual elements /
_cKarl Gerstner.
260 _aCambridge, Massachusetts :
_bThe MIT Press,
_c[1986]
300 _a179 p. :
_bil. ;
_c24 cm.
650 4 _aColor.
_911153
650 1 4 _aEspacio (Arte)
_912461
852 _aES-MaACL
_jL-21502
_bR.118983
999 _c14299
_d14299